[Event "Qatar Masters Open 2015"]
[Site "Doha QAT"]
[Date "2015.12.24"]
[Round "5.58"]
[White "Sanal, Vahap"]
[Black "Pourkashiyan, Atousa"]
[Result "1-0"]
[WhiteElo "2487"]
[BlackElo "2322"]
[PlyCount "107"]
[EventDate "2015.12.20"]
[EventType "swiss"]
[EventRounds "9"]
[EventCountry "QAT"]
[Source "lmi"]
[SourceDate "2015.12.20"]

1. Nf3 d5 2. g3 c6 3. Bg2 Nf6 4. O-O Bg4 5. d3 Nbd7 6. Nbd2 e5 7. h3 Bh5 8. g4
Bg6 9. Nh4 Bd6 10. e3 O-O 11. b3 Nc5 12. Bb2 Nfd7 13. Nxg6 hxg6 14. Qe2 Qe7 15.
c4 dxc4 16. Nxc4 Bc7 17. Ba3 a5 18. Qc2 b5 19. d4 exd4 20. exd4 bxc4 21. Qxc4
Rad8 22. Rad1 Qd6 23. f4 g5 24. dxc5 Qf6 25. fxg5 Qxg5 26. Qc3 Ne5 27. Bc1 Qh4
28. Bf4 Rxd1 29. Rxd1 Qf6 30. Rf1 Qe7 31. Re1 Re8 32. Kh1 Qf6 33. Qe3 Qd8 34.
g5 Re6 35. Qd2 Qe7 36. Qc3 Kh8 37. h4 Ng6 38. Rxe6 fxe6 39. Bxc7 Qxc7 40. Qf3
Qe5 41. Qh5+ Kg8 42. Qxg6 Qe1+ 43. Kh2 Qxh4+ 44. Kg1 Qd4+ 45. Kf1 Qd1+ 46. Kf2
Qd2+ 47. Kg3 Qe3+ 48. Kg4 Kf8 49. Qe4 Qxc5 50. Qxe6 Qd4+ 51. Qe4 Qb2 52. Qf5+
Ke7 53. Qc5+ Kf7 54. g6+ 1-0

[Event "Qatar Masters Open 2015"]
[Site "Doha QAT"]
[Date "2015.12.24"]
[Round "5.59"]
[White "Neelotpal, Das"]
[Black "Gholami, Aryan"]
[Result "1/2-1/2"]
[WhiteElo "2475"]
[BlackElo "2422"]
[PlyCount "69"]
[EventDate "2015.12.20"]
[EventType "swiss"]
[EventRounds "9"]
[EventCountry "QAT"]
[Source "lmi"]
[SourceDate "2015.12.20"]

1. e4 c5 2. Nf3 e6 3. b3 b6 4. d4 cxd4 5. Nxd4 Bb7 6. Bd3 Bc5 7. Be3 Nf6 8. Nd2
O-O 9. O-O d5 10. e5 Ne4 11. f3 Nc6 12. Nxe4 dxe4 13. Bxe4 Nxd4 14. Bxb7 Rb8
15. Be4 Nxb3 16. axb3 Bxe3+ 17. Kh1 Qxd1 18. Rfxd1 Rfd8 19. g3 a5 20. f4 g6 21.
Kg2 Bd4 22. Ra4 Bc5 23. Rxd8+ Rxd8 24. Bd3 Bb4 25. Kf3 Rd5 26. Ra1 Bc3 27. Rd1
b5 28. Ke2 Kf8 29. Be4 Rxd1 30. Kxd1 a4 31. bxa4 bxa4 32. Bd3 Ke7 33. Ke2 Kd8
34. Bc4 Bd4 35. Kf3 1/2-1/2

[Event "Qatar Masters Open 2015"]
[Site "Doha QAT"]
[Date "2015.12.24"]
[Round "5.60"]
[White "Ly, Moulthun"]
[Black "Konguvel, Ponnuswamy"]
[Result "1-0"]
[WhiteElo "2462"]
[BlackElo "2377"]
[PlyCount "95"]
[EventDate "2015.12.20"]
[EventType "swiss"]
[EventRounds "9"]
[EventCountry "QAT"]
[Source "lmi"]
[SourceDate "2015.12.20"]

1. e4 c5 2. Nf3 e6 3. d4 cxd4 4. Nxd4 Nf6 5. Nc3 d6 6. Be3 a6 7. f3 b5 8. Qd2
Nbd7 9. O-O-O b4 10. Na4 Qa5 11. b3 Bb7 12. a3 Qc7 13. axb4 d5 14. b5 Ba3+ 15.
Kb1 O-O 16. b6 Qd6 17. Bf4 e5 18. Nf5 Qe6 19. Bg3 dxe4 20. Qg5 g6 21. Nh6+ Kg7
22. Bc4 Bd5 23. Bxd5 Nxd5 24. fxe4 N5xb6 25. Nxb6 Nxb6 26. Bxe5+ f6 27. Ba1
Rac8 28. Nf5+ Kh8 29. Nd4 Qxe4 30. Rhe1 Qb7 31. Ne6 Kg8 32. Qa5 Qc6 33. Nd4 Qc5
34. Qxc5 Bxc5 35. Ne6 Rf7 36. Nxc5 Rxc5 37. Rd6 Nd5 38. Bd4 Ra5 39. c4 Nf4 40.
g3 Nh5 41. g4 Nf4 42. Bxf6 Rb7 43. Re3 g5 44. Kc2 Ng2 45. Re2 Nf4 46. Re8+ Kf7
47. Rh8 Ra2+ 48. Bb2 1-0

[Event "Qatar Masters Open 2015"]
[Site "Doha QAT"]
[Date "2015.12.24"]
[Round "5.61"]
[White "Haria, Ravi"]
[Black "Carlsson, Pontus"]
[Result "0-1"]
[WhiteElo "2416"]
[BlackElo "2433"]
[PlyCount "58"]
[EventDate "2015.12.20"]
[EventType "swiss"]
[EventRounds "9"]
[EventCountry "QAT"]
[Source "lmi"]
[SourceDate "2015.12.20"]

1. Nf3 Nf6 2. g3 d5 3. Bg2 c6 4. c4 dxc4 5. O-O Qd5 6. Na3 Be6 7. d3 cxd3 8.
Ng5 Qd7 9. Nxe6 dxe2 10. Qxe2 Qxe6 11. Qc2 Qc8 12. Bf4 e6 13. Nc4 Nbd7 14. Rad1
Nb6 15. Nd6+ Bxd6 16. Bxd6 Nbd5 17. Qd2 Qd7 18. Be5 Qe7 19. f4 O-O 20. f5 Ng4
21. Qd4 Nxe5 22. Qxe5 Rae8 23. Rfe1 Qf6 24. Qe2 Qxf5 25. Rd4 Rd8 26. Rf1 Qg5
27. Rfd1 Nb6 28. Qf2 Rxd4 29. Qxd4 Qf6 0-1

[Event "Qatar Masters Open 2015"]
[Site "Doha QAT"]
[Date "2015.12.24"]
[Round "5.62"]
[White "Abdusattorov, Nodirbek"]
[Black "Vaishali, R."]
[Result "0-1"]
[WhiteElo "2429"]
[BlackElo "2313"]
[PlyCount "124"]
[EventDate "2015.12.20"]
[EventType "swiss"]
[EventRounds "9"]
[EventCountry "QAT"]
[Source "lmi"]
[SourceDate "2015.12.20"]

1. e4 e5 2. Nf3 Nc6 3. Bb5 a6 4. Ba4 Nf6 5. O-O b5 6. Bb3 Bb7 7. d3 Be7 8. Nc3
d6 9. a3 O-O 10. Nd5 Nxd5 11. Bxd5 Qc8 12. Re1 Nd4 13. Nxd4 exd4 14. Bxb7 Qxb7
15. Qg4 Rae8 16. Bd2 c5 17. f4 d5 18. e5 f5 19. exf6 Bxf6 20. Re6 Qd7 21. Rae1
Re7 22. f5 Rfe8 23. h4 Kf7 24. Qh5+ Kg8 25. Qxe8+ Qxe8 26. Rxe7 Bxe7 27. Bg5
Qc8 28. Bxe7 c4 29. Bd6 h5 30. Re6 cxd3 31. cxd3 Qc1+ 32. Kh2 Qf1 33. Re8+ Kh7
34. Re7 Qxf5 35. Be5 Qxd3 36. Rxg7+ Kh6 37. Re7 Qf5 38. Bg3 d3 39. Re5 Qf7 40.
Re3 Qf1 41. Re1 Qf6 42. Rd1 Qf5 43. Bd6 Kg6 44. Bb4 Qf4+ 45. Kg1 Qe3+ 46. Kh2
Qe5+ 47. Kh3 Qe2 48. Rd2 Qg4+ 49. Kh2 Qxh4+ 50. Kg1 Qd4+ 51. Kf1 Qe3 52. g3
Qf3+ 53. Kg1 Kh6 54. Kh2 Kg5 55. Kg1 Kh6 56. Kh2 d4 57. Ba5 Kg5 58. Kg1 Kg4 59.
Rf2 Qe3 60. Bd2 Kxg3 61. Bxe3 dxe3 62. Rg2+ Kf3 0-1

[Event "Qatar Masters Open 2015"]
[Site "Doha QAT"]
[Date "2015.12.24"]
[Round "5.63"]
[White "Li, Ruofan"]
[Black "Venkatesh, M.R."]
[Result "0-1"]
[WhiteElo "2372"]
[BlackElo "2451"]
[PlyCount "52"]
[EventDate "2015.12.20"]
[EventType "swiss"]
[EventRounds "9"]
[EventCountry "QAT"]
[Source "lmi"]
[SourceDate "2015.12.20"]

1. d4 Nc6 2. c4 e5 3. d5 Nce7 4. e4 Ng6 5. Nc3 Bc5 6. a3 a5 7. g3 d6 8. Bg2 Nf6
9. Nf3 O-O 10. O-O c6 11. Ne1 Bg4 12. Qb3 Qd7 13. Nd3 Bd4 14. Be3 Bh3 15. Qd1
Bxc3 16. bxc3 Bxg2 17. Kxg2 cxd5 18. exd5 Rac8 19. Nb2 b5 20. Bg5 Ne4 21. Bd2
bxc4 22. f3 Nf6 23. Bg5 Qb5 24. Rf2 Nxd5 25. Na4 Ngf4+ 26. Bxf4 exf4 0-1

[Event "Qatar Masters Open 2015"]
[Site "Doha QAT"]
[Date "2015.12.24"]
[Round "5.64"]
[White "Bartel, Marta"]
[Black "Siva, Mahadevan"]
[Result "1-0"]
[WhiteElo "2271"]
[BlackElo "2400"]
[PlyCount "99"]
[EventDate "2015.12.20"]
[EventType "swiss"]
[EventRounds "9"]
[EventCountry "QAT"]
[Source "lmi"]
[SourceDate "2015.12.20"]

1. d4 d5 2. c4 c6 3. cxd5 cxd5 4. Bf4 Nc6 5. e3 Nf6 6. Nc3 a6 7. Bd3 e6 8. Rc1
Be7 9. h3 O-O 10. Nf3 Bd7 11. O-O b5 12. Ne5 Rc8 13. Nxd7 Qxd7 14. a4 Na7 15.
axb5 axb5 16. Qb3 b4 17. Na4 Rc6 18. Nc5 Bxc5 19. dxc5 Qb7 20. Ra1 Nd7 21. Rfc1
Rfc8 22. Qa4 Rxc5 23. Rd1 Nb5 24. Qxb4 e5 25. Bg3 Qc6 26. Ra5 Nd6 27. Ra6 Qc7
28. Rda1 Rb8 29. Qh4 g6 30. Qe7 Nc8 31. Qg5 Ncb6 32. Kh2 Qc6 33. Qe7 Qe6 34.
Qxe6 fxe6 35. b4 Rc3 36. Bb5 Rcc8 37. Ra7 Rd8 38. Bh4 Kf7 39. Bxd8 Rxd8 40.
Bxd7 Rxd7 41. Kg1 Ke7 42. Kf1 Nc8 43. Rxd7+ Kxd7 44. Ra6 h5 45. h4 Nd6 46. Ra7+
Ke8 47. Rg7 Nf5 48. Rxg6 Kf7 49. Rg5 Nxh4 50. Rxh5 1-0

[Event "Qatar Masters Open 2015"]
[Site "Doha QAT"]
[Date "2015.12.24"]
[Round "5.65"]
[White "Slavin, Alexey"]
[Black "Bivol, Alina"]
[Result "0-1"]
[WhiteElo "2388"]
[BlackElo "2344"]
[PlyCount "68"]
[EventDate "2015.12.20"]
[EventType "swiss"]
[EventRounds "9"]
[EventCountry "QAT"]
[Source "lmi"]
[SourceDate "2015.12.20"]

1. c4 Nf6 2. g3 g6 3. b3 Bg7 4. Bb2 O-O 5. Bg2 d6 6. e4 c5 7. Ne2 Nc6 8. O-O
Bd7 9. Nbc3 Nd4 10. Nxd4 cxd4 11. Ne2 e5 12. Ba3 Bc6 13. d3 a5 14. Bh3 Bd7 15.
Bg2 Bc6 16. Bh3 Bd7 17. Bxd7 Qxd7 18. Bc1 Qh3 19. f3 Nd7 20. Ba3 Ra6 21. f4 Nf6
22. Qd2 Ng4 23. Nc1 Bh6 24. Qe2 Ne3 25. Rf2 Rc8 26. Bb2 a4 27. bxa4 Rxa4 28.
Nb3 Re8 29. Qf3 Ng4 30. Re2 Bxf4 31. Nxd4 Be3+ 32. Rxe3 Qxh2+ 33. Kf1 Qxb2 34.
Ree1 Nh2+ 0-1

[Event "Qatar Masters Open 2015"]
[Site "Doha QAT"]
[Date "2015.12.24"]
[Round "5.66"]
[White "Derakhshani, Dorsa"]
[Black "Piasetski, Leon"]
[Result "1/2-1/2"]
[WhiteElo "2307"]
[BlackElo "2287"]
[PlyCount "131"]
[EventDate "2015.12.20"]
[EventType "swiss"]
[EventRounds "9"]
[EventCountry "QAT"]
[Source "lmi"]
[SourceDate "2015.12.20"]

1. e4 c6 2. d4 d5 3. Nd2 dxe4 4. Nxe4 Nf6 5. Nxf6+ gxf6 6. c3 Bf5 7. Nf3 Qc7 8.
g3 e6 9. Bg2 Bd6 10. Nh4 Bg6 11. f4 f5 12. O-O Nd7 13. c4 O-O-O 14. Be3 Rhe8
15. Qa4 Kb8 16. b4 Nb6 17. Qb3 Bf8 18. a4 Bh5 19. a5 Nc8 20. a6 b6 21. Nf3 Bxf3
22. Bxf3 Bg7 23. Rfd1 Rd7 24. Rac1 Red8 25. d5 Ne7 26. Qa4 exd5 27. cxd5 b5 28.
Qc2 Nxd5 29. Bxd5 Rxd5 30. Rxd5 Rxd5 31. Qxc6 Qxc6 32. Rxc6 Bf8 33. Rf6 Bxb4
34. Rxf7 Bc5 35. Rb7+ Kc8 36. Bxc5 Rxc5 37. Rxa7 Rc1+ 38. Kg2 Rc2+ 39. Kh3 Ra2
40. Rb7 Rxa6 41. Rxb5 Rh6+ 42. Kg2 Rf6 43. Rd5 Kc7 44. Kf3 Kc6 45. Rd2 Rh6 46.
Ra2 Kd7 47. Ra7+ Ke8 48. h4 Kf8 49. Ra5 Rf6 50. g4 fxg4+ 51. Kxg4 Rb6 52. h5
Kg7 53. Kg5 h6+ 54. Kf5 Rb7 55. Ra6 Rb5+ 56. Kg4 Rb7 57. Rg6+ Kh7 58. Re6 Kg7
59. Rg6+ Kh7 60. Rd6 Kg7 61. f5 Rb4+ 62. Kg3 Rb1 63. Rg6+ Kf7 64. Rxh6 Rg1+ 65.
Kf4 Rf1+ 66. Ke4 1/2-1/2

[Event "Qatar Masters Open 2015"]
[Site "Doha QAT"]
[Date "2015.12.26"]
[Round "6.11"]
[White "Ni, Hua"]
[Black "Vidit, Santosh Gujrathi"]
[Result "1-0"]
[WhiteElo "2693"]
[BlackElo "2644"]
[PlyCount "67"]
[EventDate "2015.12.20"]
[EventType "swiss"]
[EventRounds "9"]
[EventCountry "QAT"]
[Source "lmi"]
[SourceDate "2015.12.20"]

1. d4 Nf6 2. c4 g6 3. Nf3 Bg7 4. e3 O-O 5. Be2 d6 6. O-O Nbd7 7. Nc3 e5 8. Qc2
Re8 9. Re1 exd4 10. exd4 Nb6 11. Bf4 Bf5 12. Bd3 Bxd3 13. Qxd3 Qd7 14. b3 Rxe1+
15. Rxe1 Re8 16. Rxe8+ Qxe8 17. h3 a6 18. a4 Nbd7 19. a5 Qd8 20. b4 b6 21. axb6
Nxb6 22. Bg5 Qa8 23. Bxf6 Bxf6 24. c5 Nd7 25. Qc4 dxc5 26. bxc5 a5 27. Nd2 Bg7
28. Nde4 Nf6 29. d5 Nxe4 30. Nxe4 a4 31. d6 a3 32. dxc7 Qb7 33. Qd5 a2 34. Qxb7
1-0

[Event "Qatar Masters Open 2015"]
[Site "Doha QAT"]
[Date "2015.12.26"]
[Round "6.12"]
[White "Tregubov, Pavel V"]
[Black "Matlakov, Maxim"]
[Result "1/2-1/2"]
[WhiteElo "2589"]
[BlackElo "2684"]
[PlyCount "60"]
[EventDate "2015.12.20"]
[EventType "swiss"]
[EventRounds "9"]
[EventCountry "QAT"]
[Source "lmi"]
[SourceDate "2015.12.20"]

1. c4 e5 2. Nc3 Nf6 3. Nf3 Nc6 4. g3 d5 5. cxd5 Nxd5 6. Bg2 Nb6 7. O-O Be7 8.
b3 O-O 9. Bb2 Be6 10. Rc1 f5 11. d3 Bf6 12. e4 Qd7 13. exf5 Bxf5 14. Ne4 Rad8
15. Nxf6+ gxf6 16. d4 exd4 17. Qd2 Bh3 18. Bxh3 Qxh3 19. Rfe1 Qg4 20. Kg2 Rd5
21. h3 Qf5 22. Nh4 Qg5 23. Qd1 Re5 24. Re2 Rxe2 25. Qxe2 Qd5+ 26. Kh2 Nd7 27.
Rd1 Kh8 28. Qd2 Nde5 29. f4 Nf3+ 30. Nxf3 Qxf3 1/2-1/2

[Event "Qatar Masters Open 2015"]
[Site "Doha QAT"]
[Date "2015.12.26"]
[Round "6.17"]
[White "Bartel, Mateusz"]
[Black "Howell, David W L"]
[Result "1/2-1/2"]
[WhiteElo "2620"]
[BlackElo "2688"]
[PlyCount "314"]
[EventDate "2015.12.20"]
[EventType "swiss"]
[EventRounds "9"]
[EventCountry "QAT"]
[Source "lmi"]
[SourceDate "2015.12.20"]

1. e4 e5 2. Nf3 Nc6 3. Bb5 Nf6 4. d3 Bc5 5. c3 O-O 6. O-O d6 7. Bg5 h6 8. Bh4
g5 9. Bg3 Nh5 10. Nbd2 Qf6 11. Kh1 Qg6 12. b4 Bb6 13. Bc4 Kg7 14. a4 a6 15. a5
Ba7 16. b5 axb5 17. Bxb5 Ne7 18. d4 exd4 19. cxd4 f5 20. exf5 Nxf5 21. Be5+
dxe5 22. Nxe5 Qf6 23. Qxh5 Bxd4 24. Ng4 Qf7 25. Qxf7+ Rxf7 26. Ra4 h5 27. Nf3
hxg4 28. Nxd4 Nxd4 29. Rxd4 Rxa5 30. Be2 Ra2 31. Bxg4 Raxf2 32. Rxf2 Rxf2 33.
Kg1 Rf8 34. Bf3 c6 35. h3 Be6 36. Rd6 Kf6 37. Bxc6 bxc6 38. Rxc6 Ke5 39. Rc2
Bd5 40. Kh2 Ra8 41. Rc3 Ra1 42. Rg3 Kf5 43. Rd3 Be4 44. Rg3 Rc1 45. Rg4 Rb1 46.
Rg3 Ra1 47. Rg4 Bd3 48. Rg3 Be2 49. Re3 Ra2 50. Re8 Bc4 51. Re3 Be2 52. Re8 Bh5
53. Rf8+ Ke5 54. Kg1 Ra7 55. Kh2 Bf7 56. Rc8 Kd4 57. Rc2 Bg6 58. Rf2 Be4 59.
Kg3 Ke3 60. Rb2 Bd3 61. Rb4 Ra5 62. h4 gxh4+ 63. Rxh4 Be2 64. Kh2 Rg5 65. Ra4
Rg8 66. Kg1 Bd3 67. Ra7 Be4 68. Ra3+ Kf4 69. Ra2 Rb8 70. Kh2 Ke3 71. Kg1 Bd5
72. Ra5 Rb1+ 73. Kh2 Rd1 74. Ra3+ Kf2 75. Ra6 Rd2 76. Rf6+ Ke3 77. Rg6 Ra2 78.
Kg1 Be4 79. Rg8 Ra1+ 80. Kh2 Kf4 81. Rf8+ Bf5 82. Rf7 Ra8 83. Rg7 Be6 84. Kg1
Bg4 85. Kh2 Rh8+ 86. Kg1 Kg3 87. Ra7 Bf5 88. Rg7+ Kf4 89. Rf7 Rh5 90. Rg7 Rh8
91. Rf7 Rg8 92. Kf2 Rg5 93. Rf8 Kg4 94. Re8 Rg7 95. Re3 Ra7 96. Rg3+ Kh4 97.
Rg8 Ra1 98. Rg7 Bd3 99. Ke3 Bb5 100. Kf4 Rf1+ 101. Ke3 Rf8 102. Rg6 Bd7 103.
Kd4 Bg4 104. Rg7 Kg3 105. Ke5 Rf2 106. Ra7 Re2+ 107. Kf6 Kxg2 108. Ra3 Bf3 109.
Ra5 Kg3 110. Kg5 Rh2 111. Re5 Rh8 112. Re1 Rh5+ 113. Kf6 Kf4 114. Ke6 Rh6+ 115.
Kd7 Be4 116. Kc7 Ke5 117. Kd7 Rh7+ 118. Ke8 Ra7 119. Re2 Kd5 120. Kf8 Bf5 121.
Re7 Ra1 122. Re2 Kd6 123. Kf7 Rf1 124. Rd2+ Bd3+ 125. Kg7 Rf3 126. Rd1 Ke5 127.
Rg1 Be4 128. Rg5+ Bf5 129. Rg1 Rf2 130. Rg3 Ra2 131. Re3+ Kf4 132. Re1 Kg5 133.
Re7 Ra6 134. Rb7 Rh6 135. Re7 Be6 136. Rc7 Rf6 137. Rc5+ Bf5 138. Rc1 Rg6+ 139.
Kf7 Rd6 140. Rg1+ Bg4 141. Ke7 Rd7+ 142. Ke8 Ra7 143. Kd8 Kf5 144. Re1 Kf6 145.
Rf1+ Ke5 146. Rb1 Be6 147. Rb6 Rh7 148. Rc6 Rd7+ 149. Kc8 Rg7+ 150. Kb8 Bd5
151. Rc7 Rg1 152. Rd7 Ke6 153. Kc7 Rc1+ 154. Kd8 Ra1 155. Re7+ Kf6 156. Rd7 Be6
157. Rd2 Rc1 1/2-1/2

[Event "Qatar Masters Open 2015"]
[Site "Doha QAT"]
[Date "2015.12.26"]
[Round "6.18"]
[White "Hamdouchi, Hicham"]
[Black "Duda, Jan-Krzysztof"]
[Result "1/2-1/2"]
[WhiteElo "2597"]
[BlackElo "2663"]
[PlyCount "97"]
[EventDate "2015.12.20"]
[EventType "swiss"]
[EventRounds "9"]
[EventCountry "QAT"]
[Source "lmi"]
[SourceDate "2015.12.20"]

1. e4 c5 2. Nf3 d6 3. c3 Nf6 4. h3 Nc6 5. Bd3 g6 6. Bc2 e5 7. O-O Bg7 8. d3 O-O
9. a3 b6 10. b4 Qe7 11. Re1 Bb7 12. Bg5 Nd8 13. Nbd2 Ne6 14. Bh4 Qc7 15. Nf1 d5
16. Bxf6 Bxf6 17. exd5 Bxd5 18. Bb3 Rad8 19. Bxd5 Rxd5 20. Ne3 Rdd8 21. Ng4 Bg7
22. Ngxe5 Rd5 23. Qe2 Rfd8 24. Rad1 Ng5 25. c4 Nxf3+ 26. Nxf3 R5d7 27. Qc2 Rd6
28. b5 Qd7 29. Re3 Bf6 30. Qe2 Kg7 31. a4 h5 32. h4 Qg4 33. g3 Bd4 34. Nxd4
Rxd4 35. Qxg4 hxg4 36. Re7 Rxc4 37. dxc4 Rxd1+ 38. Kg2 Rc1 39. Rxa7 Rxc4 40.
Ra6 f5 41. Kf1 Re4 42. Rxb6 Rxa4 43. Rc6 c4 44. b6 Rb4 45. Ke2 Rb3 46. Kd2 Rd3+
47. Kc2 Rb3 48. Rc7+ Kf6 49. Rc6+ 1/2-1/2

[Event "Qatar Masters Open 2015"]
[Site "Doha QAT"]
[Date "2015.12.26"]
[Round "6.19"]
[White "Dubov, Daniil"]
[Black "Lin, Chen"]
[Result "0-1"]
[WhiteElo "2655"]
[BlackElo "2532"]
[PlyCount "118"]
[EventDate "2015.12.20"]
[EventType "swiss"]
[EventRounds "9"]
[EventCountry "QAT"]
[Source "lmi"]
[SourceDate "2015.12.20"]

1. d4 d5 2. c4 c6 3. Nf3 Nf6 4. Nc3 a6 5. g3 Bf5 6. Bg2 e6 7. Nh4 Be4 8. f3 Bg6
9. cxd5 cxd5 10. Nxg6 hxg6 11. e4 Nc6 12. Be3 Qb6 13. Qb3 Qxb3 14. axb3 Rd8 15.
e5 Nd7 16. f4 Bb4 17. O-O Nb6 18. Bf3 Rc8 19. Rac1 Kd7 20. Kg2 Rc7 21. g4 Rhc8
22. Bd1 Bxc3 23. Rxc3 Ne7 24. Bd2 Rh8 25. Kg3 Nbc8 26. Bc2 Nc6 27. f5 gxf5 28.
gxf5 N8e7 29. fxe6+ fxe6 30. Rf7 Ke8 31. Bg6 Rd7 32. Rxg7+ Nxg6 33. Rxg6 Nxd4
34. Bg5 Ne2+ 35. Kg4 Nxc3 36. Rxe6+ Kf8 37. bxc3 Rxh2 38. Bh6+ Kf7 39. Rf6+ Ke8
40. e6 Rh7 41. Bf8 Rh1 42. Bc5 Rg7+ 43. Kf3 Rf1+ 44. Bf2 Rc7 45. Ke2 Rxf2+ 46.
Rxf2 Rxc3 47. Rf7 Rxb3 48. Rd7 d4 49. Kd2 d3 50. Ke3 a5 51. Ke4 a4 52. Kf5 a3
53. Kf6 a2 54. Re7+ Kd8 55. Rd7+ Kc8 56. e7 a1=Q+ 57. Kf7 Qf1+ 58. Ke8 d2 59.
Rd5 Qb5+ 0-1

[Event "Qatar Masters Open 2015"]
[Site "Doha QAT"]
[Date "2015.12.26"]
[Round "6.20"]
[White "Khismatullin, Denis"]
[Black "Xu, Jun"]
[Result "1/2-1/2"]
[WhiteElo "2654"]
[BlackElo "2526"]
[PlyCount "88"]
[EventDate "2015.12.20"]
[EventType "swiss"]
[EventRounds "9"]
[EventCountry "QAT"]
[Source "lmi"]
[SourceDate "2015.12.20"]

1. d4 Nf6 2. c4 e6 3. Nf3 b6 4. g3 Bb7 5. Bg2 Bb4+ 6. Bd2 a5 7. O-O O-O 8. Bf4
Be7 9. Re1 d6 10. Qc2 c5 11. dxc5 bxc5 12. Nc3 Qb6 13. Rad1 Rd8 14. Rd2 Nbd7
15. Red1 Ne8 16. g4 Nf8 17. g5 e5 18. Bg3 Ne6 19. h4 g6 20. e3 f5 21. Nd5 Bxd5
22. Rxd5 e4 23. Nh2 Rab8 24. R5d2 N8g7 25. f3 f4 26. Bf2 fxe3 27. Bxe3 Nf5 28.
Qxe4 Ned4 29. Ng4 Re8 30. Bf2 Kh8 31. Qd3 h5 32. Ne3 Nxe3 33. Bxe3 d5 34. Bf2
Bd6 35. Re1 Rxe1+ 36. Bxe1 Bf4 37. Rd1 dxc4 38. Qe4 Qxb2 39. Qxg6 Qc2 40. Qf6+
Kg8 41. Rxd4 Be3+ 42. Kh2 Bxd4 43. Qe6+ Kh8 44. Bg3 Rb2 1/2-1/2

[Event "Qatar Masters Open 2015"]
[Site "Doha QAT"]
[Date "2015.12.26"]
[Round "6.23"]
[White "Yuffa, Daniil"]
[Black "Sethuraman, S.P."]
[Result "1-0"]
[WhiteElo "2504"]
[BlackElo "2639"]
[PlyCount "97"]
[EventDate "2015.12.20"]
[EventType "swiss"]
[EventRounds "9"]
[EventCountry "QAT"]
[Source "lmi"]
[SourceDate "2015.12.20"]

1. d4 Nf6 2. c4 e6 3. Nf3 d5 4. Bg5 Nbd7 5. e3 c6 6. Nbd2 Be7 7. Bd3 h6 8. Bh4
O-O 9. O-O b6 10. a3 c5 11. b4 cxd4 12. Nxd4 Ne5 13. N2f3 Nxc4 14. Bxc4 dxc4
15. Nc6 Qe8 16. Nfe5 g5 17. Bg3 b5 18. a4 Ba6 19. Qd4 Rc8 20. Qxa7 Rxc6 21.
Nxc6 Qxc6 22. axb5 Bxb5 23. Qxe7 Ne4 24. Rfc1 Re8 25. Qc7 Qd5 26. Rd1 Nd2 27.
Qe5 Rd8 28. e4 Qxe5 29. Bxe5 Rd3 30. f3 Kh7 31. Kf2 Nb3 32. Rxd3 cxd3 33. Rd1
f5 34. g3 Kg6 35. Ke3 g4 36. fxg4 fxe4 37. Kxe4 d2 38. Ke3 Ba4 39. Bc3 Na5 40.
Kxd2 Nc4+ 41. Kc1 Bxd1 42. Kxd1 e5 43. Ke2 Kf6 44. Bd2 Kg6 45. Be3 Nd6 46. Kd3
h5 47. gxh5+ Kxh5 48. Bc5 Nb5 49. Ke4 1-0

[Event "Qatar Masters Open 2015"]
[Site "Doha QAT"]
[Date "2015.12.26"]
[Round "6.24"]
[White "Sasikiran, Krishnan"]
[Black "Gagare, Shardul"]
[Result "1-0"]
[WhiteElo "2638"]
[BlackElo "2470"]
[PlyCount "87"]
[EventDate "2015.12.20"]
[EventType "swiss"]
[EventRounds "9"]
[EventCountry "QAT"]
[Source "lmi"]
[SourceDate "2015.12.20"]

1. d4 Nf6 2. c4 e6 3. Nc3 Bb4 4. Qc2 c5 5. dxc5 O-O 6. a3 Bxc5 7. Nf3 Be7 8.
Bf4 Nh5 9. Bd2 b6 10. g4 Nf6 11. g5 Ne8 12. e4 Nc6 13. Bd3 Bb7 14. Rg1 Rc8 15.
h4 g6 16. Be3 Ng7 17. Qe2 Qc7 18. O-O-O Nh5 19. Kb1 Na5 20. Rg4 Rfd8 21. Nb5
Qb8 22. e5 Bxf3 23. Qxf3 Nc6 24. Bd4 Nxe5 25. Bxe5 Qxe5 26. Nxa7 Rc5 27. Re4
Qh2 28. Rd4 Qb8 29. Nb5 Bf8 30. Be2 Rf5 31. Qe3 Bc5 32. Bxh5 gxh5 33. Nd6 Bxd6
34. Rxd6 Qc7 35. Qxb6 Qxb6 36. Rxb6 Rf4 37. c5 Rc8 38. b4 Rc7 39. Rbd6 Ra7 40.
R1d3 Rxh4 41. Rxd7 Ra6 42. Rc3 Kf8 43. c6 Ke8 44. b5 1-0

[Event "Qatar Masters Open 2015"]
[Site "Doha QAT"]
[Date "2015.12.26"]
[Round "6.25"]
[White "Xu, Yinglun"]
[Black "Piorun, Kacper"]
[Result "1-0"]
[WhiteElo "2470"]
[BlackElo "2637"]
[PlyCount "65"]
[EventDate "2015.12.20"]
[EventType "swiss"]
[EventRounds "9"]
[EventCountry "QAT"]
[Source "lmi"]
[SourceDate "2015.12.20"]

1. d4 Nf6 2. c4 g6 3. Nc3 Bg7 4. e4 O-O 5. Nf3 d6 6. Be2 e5 7. O-O Na6 8. Re1
c6 9. d5 Nc5 10. Qc2 a5 11. Be3 Ng4 12. Bxc5 dxc5 13. Rad1 Qc7 14. h3 Nf6 15.
d6 Qd8 16. Nxe5 Nd7 17. Nd3 Bd4 18. Bg4 f5 19. exf5 gxf5 20. Bf3 Nf6 21. Ne2
Qxd6 22. Nxd4 Qxd4 23. Qc1 Ne4 24. Bxe4 fxe4 25. Qg5+ Kh8 26. Nf4 Qxb2 27. Rd8
Qg7 28. Rxf8+ Qxf8 29. Rxe4 Bf5 30. Re5 Bb1 31. Re7 h6 32. Qe5+ Kg8 33. Qe6+
1-0

[Event "Qatar Masters Open 2015"]
[Site "Doha QAT"]
[Date "2015.12.26"]
[Round "6.26"]
[White "Grandelius, Nils"]
[Black "Wang, Yiye"]
[Result "1-0"]
[WhiteElo "2632"]
[BlackElo "2438"]
[PlyCount "163"]
[EventDate "2015.12.20"]
[EventType "swiss"]
[EventRounds "9"]
[EventCountry "QAT"]
[Source "lmi"]
[SourceDate "2015.12.20"]

1. e4 e6 2. d4 d5 3. Nd2 dxe4 4. Nxe4 Bd7 5. Nf3 Bc6 6. Bd3 Nd7 7. c3 Ngf6 8.
Nxf6+ Nxf6 9. Bf4 Be7 10. Qe2 Bxf3 11. Qxf3 c6 12. Be5 Bd6 13. O-O-O Bxe5 14.
dxe5 Nd7 15. Qg3 g6 16. f4 Qe7 17. Bc2 O-O-O 18. Qf2 Nb6 19. a4 Rxd1+ 20. Rxd1
Rd8 21. a5 Nc4 22. Rxd8+ Qxd8 23. b3 Nxa5 24. Qxa7 Qd5 25. c4 Qd8 26. c5 h5 27.
g3 Nxb3+ 28. Bxb3 Qd4 29. Qa8+ Kc7 30. Qa5+ Kc8 31. Bc2 h4 32. Qa8+ Kc7 33.
Qa5+ Kc8 34. Qd2 Qa1+ 35. Bb1 Qa3+ 36. Kd1 hxg3 37. hxg3 Qb3+ 38. Bc2 Qf3+ 39.
Kc1 Qa3+ 40. Kb1 Qxc5 41. Kb2 Qb6+ 42. Bb3 Qc5 43. Qc3 Qf2+ 44. Bc2 Qb6+ 45.
Kc1 Qg1+ 46. Bd1 Kb8 47. Kd2 Qf2+ 48. Be2 Qb6 49. Qa3 Qd4+ 50. Qd3 Qb4+ 51. Kd1
Kc7 52. Bf3 Qc5 53. Ke2 Qg1 54. Be4 Qc5 55. Qe3 Qb5+ 56. Kf2 Qb2+ 57. Kf3 Qh2
58. Qd4 Kc8 59. Qb4 Qh8 60. Kg2 Qd8 61. Bf3 Qd7 62. Qa3 Kc7 63. Kh3 Qe8 64.
Qd6+ Kb6 65. Kg2 Ka7 66. Qc7 Ka6 67. Kf2 Ka7 68. Be4 Ka6 69. Ke3 Ka7 70. Kd4
Qf8 71. Qd6 Qe8 72. Kc4 Kb6 73. Kb4 Ka7 74. Ka5 b6+ 75. Kb4 Kb7 76. Kc4 Qc8 77.
Kd4 Qe8 78. Ke3 Qc8 79. Kf3 Qc7 80. Qxc7+ Kxc7 81. Kg4 b5 82. Kg5 1-0

[Event "Qatar Masters Open 2015"]
[Site "Doha QAT"]
[Date "2015.12.26"]
[Round "6.27"]
[White "Raja, Harshit"]
[Black "Naroditsky, Daniel"]
[Result "0-1"]
[WhiteElo "2325"]
[BlackElo "2628"]
[PlyCount "76"]
[EventDate "2015.12.20"]
[EventType "swiss"]
[EventRounds "9"]
[EventCountry "QAT"]
[Source "lmi"]
[SourceDate "2015.12.20"]

1. e4 e6 2. d4 d5 3. Nd2 Nc6 4. c3 e5 5. exd5 Qxd5 6. Ngf3 exd4 7. Bc4 Qh5 8.
O-O Nf6 9. Re1+ Be7 10. cxd4 O-O 11. Nf1 Bg4 12. Be2 Bb4 13. h3 Bxf3 14. Bxf3
Qh4 15. Bd2 Qxd4 16. Bxc6 bxc6 17. Qc2 Bxd2 18. Nxd2 Rfe8 19. Nb3 Qb6 20. Rac1
h5 21. Rxe8+ Rxe8 22. Qxc6 Re1+ 23. Kh2 Re2 24. Qxb6 cxb6 25. Rc8+ Kh7 26. Rc7
a5 27. Rb7 a4 28. Nd4 Rxb2 29. Rxf7 Rxa2 30. Ne6 Re2 31. Nd4 Rxf2 32. Ra7 Nd5
33. Kg3 Rf6 34. Nf3 b5 35. Kh4 Kh6 36. Ng5 Ne3 37. Nf7+ Rxf7 38. Rxf7 Kg6 0-1